| 000 | 00707nam a2200181 a 4500 | ||
|---|---|---|---|
| 001 | 000045801 | ||
| 005 | 20201002052442.0 | ||
| 008 | 150514s1999 dr ab 000 0 spa d | ||
| 040 |
_aDO-SdBNP _bspa _cBNPHU |
||
| 082 |
_axxxx _bxxxx |
||
| 100 | 1 |
_aMonclús C., Juan Francisco _919465 |
|
| 245 | 1 | 4 |
_aLas 200 palabras claves de la justicia / _cJuan Francisco Monclus C. ; prólogo Barón Segundo Sánchez Añil. |
| 246 | 1 | 4 | _aDoscientos palabras claves de la justicia |
| 260 |
_aSanto Domingo : _bCentenario, _c1999. |
||
| 300 |
_a68 p. : _bil., mapas ; _c21 cm. |
||
| 500 | _aIncluye datos biográficos del autor en la solapa de la contracubierta. | ||
| 700 | 1 | 2 |
_aSánchez Añil, Barón Segundo, _epról. _973879 |
| 999 |
_c45290 _d45290 |
||